000 00584nmc a2200229 a 4500
003 AR-BaBNM
005 20251128203825.0
008 307019s1970 ||||||||||||||000 | spa||
040 _cAR-BaBNM
100 1 _aMane, Bernardo
245 1 0 _aTíteres
_beducación
250 _a2ª ed.
260 _aBuenos Aires
_bEstrada
_c1970
300 _axi, 239 p.
_bil.
490 0 _aBiblioteca de ciencias de la educación
504 _aBibliografía p. 235-239
650 4 _aEXPRESION
653 _aTITERES
800 1 _aZanotti, Luis Jorge
_edirector
942 _cBK
998 _cCarmen
999 _c5049
_d5049